| 000 -LEADER |
| fixed length control field |
00378nam a2200133Ia 4500 |
| 003 - CONTROL NUMBER IDENTIFIER |
| control field |
OSt |
| 005 - DATE AND TIME OF LATEST TRANSACTION |
| control field |
20260215120432.0 |
| 008 - FIXED-LENGTH DATA ELEMENTS--GENERAL INFORMATION |
| fixed length control field |
260210s9999 xx 000 0 und d |
| 020 ## - INTERNATIONAL STANDARD BOOK NUMBER |
| International Standard Book Number |
9781350437593 |
| 245 #0 - TITLE STATEMENT |
| Title |
Versailles Effect, The: Objects, Lives, and Afterlives of the Domaine |
| 250 ## - EDITION STATEMENT |
| Edition statement |
Mark Ledbury (Editor) |
| 260 ## - PUBLICATION, DISTRIBUTION, ETC. (IMPRINT) |
| Name of publisher, distributor, etc |
Bloomsbury Visual Arts |
| Date of publication, distribution, etc |
2024 |
| 942 ## - ADDED ENTRY ELEMENTS (KOHA) |
| Item type |
UG Books |
| Source of classification or shelving scheme |
|